=LDR 00000nam 2200000 4500 =001 INLIS000000000021093 =005 20130612120003 =008 ***********************************Ind** =035 ##$$0010-061300000021093 =041 ##$$a Ind =082 ##$$a 400.14 =090 ##$$a 400.14, Men m =100 ##$$a Mulyono, Anton M =245 ##$$a Menbur benih menuai kasih, Anton M. Moeliono =260 ##$$a 2004 $b Jakarta =300 ##$$a xvi, 863 hlm, 23 cm =650 ##$$a bahagia =850 ##$$a NBPNMAT